000 00324nam a2200121Ia 4500
008 220204s9999 xx 000 0 und d
020 _a9780824306649
082 _a581.1
_bANN.64
100 _aMerchant, S S
245 0 _aAnnual review of plant biology. V.64.2013
260 _aCalifornia
_bAnnual Reviews
_c2013
942 _cBK
999 _c43113
_d43113